000 00635nam a2200253Ia 4500
001 4089
005 20240113233711.0
007 ta
008 050608s1977 g b000 u hin u
020 _cHB
040 _aCotton College Assam
041 _ahin
082 _a891.43108
_bDh 539 Ka
100 _aDhumil, .
245 0 _aKal Sunna Mujhein /
_cDhumil.
_hTextual Documents
250 _a1st ed. /
260 _aBaranasi :
_bYugbodh Prakashan ,
_c1977.
300 _a80p. ;
_c21cm.
653 _aHindi poetry-Collections
653 _aGen-Hindi
942 _2ddc
_cBK
999 _c4077
_d4077